[Event "Bayern-ch Seniors 20th"]
[Site "Bergen"]
[Date "2008.06.13"]
[Round "7.45"]
[White "Malik, Rosemarie"]
[Black "Frithjof, Ewald"]
[Result "0-1"]
[WhiteElo "1291"]
[BlackElo "1256"]
[PlyCount "78"]
[EventDate "2008.06.07"]
[EventType "swiss"]
[EventRounds "9"]
[EventCountry "GER"]
[SourceTitle "EXT 2022"]
[Source "ChessBase"]
[SourceDate "2021.10.06"]
[SourceVersion "1"]
[SourceVersionDate "2021.10.06"]
[SourceQuality "1"]

1. e4 e6 2. d4 Nf6 3. Bd3 Be7 4. Nf3 d5 5. exd5 exd5 6. Be3 b6 7. Nbd2 c5 8. Bb5+ Bd7 9. Bxd7+ Nbxd7 10. dxc5 bxc5 11. Bf4 0-0 12. 0-0 c4 13. c3 Bc5 14. Re1 Qb6 15. Be3 Qxb2 16. Bxc5 Nxc5 17. Qc1 Qb6 18. Re2 Nd3 19. Qb1 Qd6 20. h3 Rab8 21. Qf1 Rb6 22. Rb1 Rfb8 23. Rxb6 Rxb6 24. Nd4 Qa3 25. N2f3 Qxc3 26. Nf5 Kf8 27. Qd1 a5 28. Ng5 g6 29. Ne7 Kg7 30. Nf3 Re6 31. Rxe6 fxe6 32. Qe2 Ne4 33. Qe3 Qc1+ 34. Qxc1 Nxc1 35. a3 c3 36. Nd4 e5 37. Ndc6 c2 38. Nxa5 Ne2+ 39. Kh2 c1Q 0-1

[Event "Chiemgau Seniors Cup 3th"]
[Site "Bergen"]
[Date "2007.10.25"]
[Round "4"]
[White "Mehlhorn, Dieter"]
[Black "Frithjof, Ewald"]
[Result "1-0"]
[WhiteElo "1806"]
[BlackElo "1248"]
[PlyCount "63"]
[EventDate "2007.10.22"]
[EventType "swiss"]
[EventRounds "9"]
[EventCountry "GER"]
[SourceTitle "EXT 2008"]
[Source "ChessBase"]
[SourceDate "2007.11.25"]
[SourceVersion "1"]
[SourceVersionDate "2007.11.25"]
[SourceQuality "1"]

1. d4 d5 2. Nf3 e6 3. c3 c5 4. e3 Nc6 5. Bd3 Nf6 6. Nbd2 Bd6 7. 0-0 e5 8. dxe5 Nxe5 9. Bc2 Bg4 10. h3 h5 11. Re1 Nxf3+ 12. Nxf3 Qc7 13. Ba4+ Kf8 14. hxg4 hxg4 15. Ng5 Bh2+ 16. Kf1 Bg3 17. Ke2 Be5 18. Rh1 Ke7 19. Bb3 c4 20. Bc2 Rad8 21. Bd2 Qc6 22. Qf1 g6 23. f4 Bc7 24. Qf2 Ne4 25. Nxe4 dxe4 26. Rad1 Qf6 27. Bxe4 Qb6 28. Bc1 Rxd1 29. Rxd1 Bd6 30. Bd5 Qc7 31. Rd4 b5 32. f5 1-0